Movies Quiz

Random Movies or Disney Quiz

Disney IMDb: Goofs Quiz Stats

Quiz Updated Feb 16, 2018

Challenge
Share
Tweet
Embed
Score 0/25 Timer 05:00
1 Play Today
% Correct
The Little Mermaid
90.6%
Aladdin
90.6%
Mulan
89.8%
The Jungle Book
87.3%
Peter Pan
86.7%
Hercules
85.7%
The Lion King
84.8%
The Hunchback of Notre Dame
84.4%
Snow White and the Seven Dwarfs
82.2%
Pocahontas
81.2%
Bambi
80.3%
Tarzan
79.6%
The Rescuers
77.6%
% Correct
Robin Hood
77.4%
Pinocchio
76.2%
The Fox and the Hound
69.8%
Beauty and the Beast
67.9%
Cinderella
61.2%
The Aristocats
59%
101 Dalmatians
57.4%
Lady and the Tramp
44.6%
The Sword in the Stone
40.3%
Dumbo
39.5%
Sleeping Beauty
38.7%
Alice in Wonderland
35.2%

You're not logged in!

Compare scores with friends on all Sporcle quizzes.
Sign Up with Email
OR
Log In

You Might Also Like...

Show Comments

Extras

Top Quizzes Today


Score Distribution

Your Account Isn't Verified!

In order to create a playlist on Sporcle, you need to verify the email address you used during registration. Go to your Sporcle Settings to finish the process.

Report this User

Report this user for behavior that violates our Community Guidelines.

Details: